[Event "GRE-chT U16"]
[Site "Thessaloniki"]
[Date "2021.12.18"]
[Round "5.1"]
[White "Dogias, Christos"]
[Black "Kassios, Dimitrios"]
[Result "0-1"]
[WhiteElo "1766"]
[BlackElo "1635"]
[PlyCount "72"]
[EventDate "2021.12.16"]
[EventType "team-swiss"]
[EventRounds "6"]
[EventCountry "GRE"]
[SourceTitle "CBM 205 Extra"]
[Source "ChessBase"]
[SourceDate "2022.01.31"]
[SourceVersion "1"]
[SourceVersionDate "2022.01.31"]
[SourceQuality "1"]
[WhiteTeam "Kozanis Aetoi"]
[BlackTeam "Asteres"]
[WhiteTeamCountry "GRE"]
[BlackTeamCountry "GRE"]

1. e4 c5 2. Nf3 d6 3. d4 cxd4 4. Nxd4 Nf6 5. Nc3 a6 6. Be3 e5 7. Nb3 Be6 8. h3 Be7 9. Qf3 b5 10. 0-0-0 0-0 11. g4 b4 12. Nd5 Bxd5 13. exd5 a5 14. Nd2 Nbd7 15. g5 Ne8 16. h4 f5 17. gxf6 Nexf6 18. Bd3 Nb6 19. Bxb6 Qxb6 20. Rhg1 a4 21. Bf5 a3 22. b3 Qd4 23. Nc4 Qa1+ 24. Kd2 Qc3+ 25. Qxc3 bxc3+ 26. Ke2 Nh5 27. Be6+ Kh8 28. Kd3 Nf4+ 29. Kxc3 Ne2+ 30. Kd3 Nxg1 31. Rxg1 Rxf2 32. Ne3 Raf8 33. b4 Bxh4 34. b5 R2f3 35. Rg4 Bf2 36. Re4 R8f4 0-1

[Event "GRE-chT U16"]
[Site "Thessaloniki"]
[Date "2021.12.17"]
[Round "2.1"]
[White "Kostelidis, Georgios"]
[Black "Kassios, Dimitrios"]
[Result "0-1"]
[WhiteElo "1272"]
[BlackElo "1635"]
[PlyCount "118"]
[EventDate "2021.12.16"]
[EventType "team-swiss"]
[EventRounds "6"]
[EventCountry "GRE"]
[SourceTitle "CBM 205 Extra"]
[Source "ChessBase"]
[SourceDate "2022.01.31"]
[SourceVersion "1"]
[SourceVersionDate "2022.01.31"]
[SourceQuality "1"]
[WhiteTeam "Acharnon"]
[BlackTeam "Asteres"]
[WhiteTeamCountry "GRE"]
[BlackTeamCountry "GRE"]

1. d4 d5 2. Bf4 Nf6 3. e3 e6 4. Nd2 Bd6 5. Bg3 c5 6. c3 Qc7 7. dxc5 Bxg3 8. hxg3 Qxc5 9. Ngf3 Nc6 10. Be2 0-0 11. 0-0 e5 12. Rc1 b5 13. Qc2 Bg4 14. e4 dxe4 15. Nxe4 Nxe4 16. Qxe4 f5 17. Qc2 a6 18. Ne1 Bxe2 19. Qxe2 e4 20. Nc2 Ne5 21. Nd4 Nd3 22. Ne6 Nxc1 23. Rxc1 Qb6 24. Nxf8 Rxf8 25. Rd1 Qe6 26. a3 Re8 27. Qd2 Kf7 28. Qd6 h6 29. Qb4 e3 30. fxe3 Qxe3+ 31. Kh2 Qg5 32. Rd7+ Re7 33. Rxe7+ Qxe7 34. Qf4 Kg6 35. Qd4 Qc7 36. Qf4 Qd8 37. Qe3 Kf6 38. Qf2 Qd6 39. Qe3 g5 40. Qf2 h5 41. Kh3 Kg6 42. Qe3 h4 43. Qe8+ Kg7 44. Qe3 Kf6 45. Qf2 a5 46. Qe3 a4 47. Qf2 hxg3 48. Qxg3 g4+ 49. Kh2 Qxg3+ 50. Kxg3 Ke5 51. Kf2 Ke4 52. Ke2 f4 53. Ke1 Ke3 54. Kf1 f3 55. gxf3 gxf3 56. Ke1 f2+ 57. Kf1 Kf3 58. c4 bxc4 59. b3 axb3 0-1

[Event "EU-ch Amateur Online Final 1700/2000"]
[Site "Tornelo INT"]
[Date "2021.04.25"]
[Round "8"]
[White "Kassios, Dimitrios"]
[Black "Bollaart, Jeroen"]
[Result "1-0"]
[WhiteElo "1529"]
[BlackElo "1937"]
[PlyCount "131"]
[EventDate "2021.04.25"]
[EventType "swiss (rapid)"]
[EventRounds "9"]
[EventCountry "NET"]
[SourceTitle "EXT 2023"]
[Source "ChessBase"]
[SourceDate "2022.10.05"]
[SourceVersion "1"]
[SourceVersionDate "2022.10.05"]
[SourceQuality "1"]

1. e4 g6 2. d4 Bg7 3. Nf3 d6 4. Nc3 a6 5. Be3 b5 6. a3 Nd7 7. h3 Bb7 8. Bd3 c5 9. 0-0 cxd4 10. Bxd4 Ngf6 11. Re1 0-0 12. Qd2 Nc5 13. Rad1 Rc8 14. Bxf6 Bxf6 15. Qh6 Bg7 16. Qh4 h6 17. Nd5 Bxd5 18. exd5 Nxd3 19. cxd3 g5 20. Qe4 Bf6 21. d4 Kg7 22. Ne5 Bxe5 23. dxe5 Rc4 24. Qf5 Rf4 25. Qd3 Qb6 26. Qe2 dxe5 27. Qxe5+ Rf6 28. Re2 Qc5 29. Qxe7 Qxe7 30. Rxe7 Rd6 31. Ra7 Rfd8 32. Kf1 Rc8 33. Rd2 Re8 34. Rc7 Kf6 35. Rc6 Red8 36. Ke2 Ke5 37. b4 f5 38. g3 h5 39. f3 f4 40. Rxd6 Rxd6 41. g4 hxg4 42. hxg4 Rxd5 43. Rc2 Kd6 44. Rc8 Re5+ 45. Kf2 Kd5 46. Ra8 Re6 47. Rg8 Re5 48. Rg6 Re6 49. Rxg5+ Kc4 50. Rf5 Kb3 51. Rxf4 Kxa3 52. g5 Kb3 53. Rf6 Re5 54. g6 Kxb4 55. Rxa6 Rg5 56. f4 Rg4 57. Kf3 Rg1 58. f5 Kb3 59. Ra7 b4 60. g7 Kb2 61. f6 b3 62. Ra8 Rf1+ 63. Ke2 Rxf6 64. g8Q Kc1 65. Qg1+ Kc2 66. Rc8+ 1-0

[Event "EU-ch Amateur Online Final 1700/2000"]
[Site "Tornelo INT"]
[Date "2021.04.25"]
[Round "6"]
[White "Kassios, Dimitrios"]
[Black "Weidenhoefer, Max"]
[Result "0-1"]
[WhiteElo "1529"]
[BlackElo "1763"]
[PlyCount "84"]
[EventDate "2021.04.25"]
[EventType "swiss (rapid)"]
[EventRounds "9"]
[EventCountry "NET"]
[SourceTitle "EXT 2023"]
[Source "ChessBase"]
[SourceDate "2022.10.05"]
[SourceVersion "1"]
[SourceVersionDate "2022.10.05"]
[SourceQuality "1"]

1. e4 c6 2. d4 d5 3. Nc3 dxe4 4. Nxe4 Bf5 5. Ng3 Bg6 6. h4 h6 7. h5 Bh7 8. Nf3 e6 9. Bd3 Bxd3 10. Qxd3 Nf6 11. c3 Qc7 12. Be3 Nbd7 13. Ne4 Nxe4 14. Qxe4 Nf6 15. Qd3 Bd6 16. 0-0-0 0-0-0 17. Rhe1 Nxh5 18. d5 c5 19. dxe6 Nf4 20. Qf5 fxe6 21. Qg4 g5 22. Bxf4 Bxf4+ 23. Kc2 Rxd1 24. Rxd1 Qc6 25. Re1 Re8 26. Qh3 Kb8 27. Qxh6 Qa4+ 28. Kb1 g4 29. Qg6 gxf3 30. g3 Bc7 31. Qf7 Qc6 32. Re3 a6 33. Rxf3 Qe4+ 34. Kc1 Qe1+ 35. Kc2 Qe2+ 36. Kb3 Rd8 37. Re3 Qd1+ 38. Ka3 b5 39. Re4 c4 40. b3 Bd6+ 41. Kb2 Qd2+ 42. Kb1 Qd3+ 0-1

[Event "EU-ch Amateur Online 1700/2000"]
[Site "Tornelo INT"]
[Date "2021.04.24"]
[Round "2"]
[White "De Reese, Elias"]
[Black "Kassios, Dimitrios"]
[Result "1-0"]
[WhiteElo "1901"]
[BlackElo "1529"]
[PlyCount "85"]
[EventDate "2021.04.24"]
[EventType "swiss (rapid)"]
[EventRounds "8"]
[EventCountry "NET"]
[SourceTitle "EXT 2023"]
[Source "ChessBase"]
[SourceDate "2022.10.05"]
[SourceVersion "1"]
[SourceVersionDate "2022.10.05"]
[SourceQuality "1"]

1. d4 Nf6 2. Nc3 d5 3. Bf4 e6 4. e3 Bd6 5. Nf3 Nbd7 6. Bd3 b6 7. 0-0 Bb7 8. Ne5 0-0 9. Qf3 c5 10. Nxf7 Rxf7 11. Bxd6 Ne4 12. Bf4 g5 13. Bxe4 gxf4 14. Bd3 e5 15. Qg4+ Kh8 16. dxe5 Nxe5 17. Qe6 Qg5 18. exf4 Qxf4 19. Ne2 Nf3+ 20. gxf3 Rg7+ 21. Ng3 Qxf3 22. Qe2 Qf4 23. Qe3 Qh4 24. Bf5 d4 25. Qe2 Qg5 26. Bh3 Qf4 27. Bg2 Bxg2 28. Kxg2 Rag8 29. Qf3 Qh4 30. Rae1 Rg6 31. Re4 Qh6 32. Rf4 Rg5 33. Kh1 R5g6 34. Rf7 Qg5 35. Qf4 Qd5+ 36. f3 h5 37. Rf5 Qd7 38. Rxh5+ Kg7 39. Qe5+ Kf7 40. Rf5+ Rf6 41. Rxf6+ Kg7 42. Qg5+ Kh7 43. Rh6# 1-0

[Event "EU-ch Amateur Online 1700/2000"]
[Site "Tornelo INT"]
[Date "2021.04.24"]
[Round "6"]
[White "Kassios, Dimitrios"]
[Black "Briem, Benedikt"]
[Result "0-1"]
[WhiteElo "1529"]
[BlackElo "1903"]
[PlyCount "96"]
[EventDate "2021.04.24"]
[EventType "swiss (rapid)"]
[EventRounds "8"]
[EventCountry "NET"]
[SourceTitle "EXT 2023"]
[Source "ChessBase"]
[SourceDate "2022.10.05"]
[SourceVersion "1"]
[SourceVersionDate "2022.10.05"]
[SourceQuality "1"]

1. e4 c5 2. d4 cxd4 3. c3 dxc3 4. Nxc3 Nc6 5. Bc4 e6 6. Nf3 a6 7. Bg5 Be7 8. Be3 d6 9. 0-0 Nf6 10. Qe2 0-0 11. Rfd1 Qc7 12. Rac1 Bd7 13. a3 Rac8 14. Ba2 Qb8 15. Bb1 Rfd8 16. Bb6 Re8 17. h3 Bd8 18. Be3 Bc7 19. g4 d5 20. exd5 Nxd5 21. Nxd5 exd5 22. Rxd5 Be6 23. Rdd1 Bf4 24. Bxf4 Qxf4 25. Qe4 Qxe4 26. Bxe4 Bb3 27. Bxc6 Bxd1 28. Rxd1 Rxc6 29. Rd7 Rb6 30. b4 f6 31. Nd4 g6 32. Kf1 Rf8 33. f4 Rf7 34. Rd8+ Kg7 35. Ke2 Re7+ 36. Kd2 a5 37. bxa5 Rb2+ 38. Kc3 Rh2 39. f5 Rxh3+ 40. Kb4 Rg3 41. Ne6+ Kh6 42. Rd4 Rg1 43. Rd2 Rxg4+ 44. Kb5 gxf5 45. Rh2+ Kg6 46. Nf8+ Kg7 47. Nxh7 Rg6 48. Kb6 Kg8 0-1